Normal view
MARC view
- Young, Vincenty W
Entry Personal Name
001 - CONTROL NUMBER
- control field: 41761
003 - CONTROL NUMBER IDENTIFIER
- control field: NUST
005 - DATE AND TIME OF LATEST TRANSACTION
- control field: 20210314132131.0
008 - FIXED-LENGTH DATA ELEMENTS
- fixed length control field: 210314|| aca||aabn | a|a d
040 ## - CATALOGING SOURCE
- Original cataloging agency: NUST
- Transcribing agency: NUST
100 ## - HEADING--PERSONAL NAME
- Personal name: Young, Vincenty W
670 ## - SOURCE DATA FOUND
- Source citation: Work cat.: (NUST): Young, Vincenty W., Elementary engineering thermodyanimcs., 1947
